Statistics for Among Us Logic Trivia #1

Click here to take the quiz!

General Stats

  • This quiz has been taken 265 times
  • The average score is 11 of 20

Answer Stats

HintAnswer% Correct
The protagonist of the seriesPlayer
95%
[Above]'s best friendVeteran
92%
Imposter of episode 1Angel
81%
Imposter of episode 1Stoner
76%
Mr. Cheese's catchphraseMy name Mr. Cheese
67%
Mother's sonTimmy
63%
Mother's daughterFranklyn
63%
What was special about episode 6?{Halloween} edition
59%
Name Mr. Cheese goes by in episode 6Mr. Pumpkin
56%
"Natural born killer."Ninja
55%
[Above]'s first wordKill
53%
Character that is also featured on GametunesBlue
52%
Name TheGentleman gives CaptainLeader
51%
Person who said "Put eggs in your shoes and beat it, pal."Greaser
50%
One of the nicknames Captain gives EngineerPoindexter | Nerdman | Albert Brainstein | The Geek
41%
"Impossible" task Captain doesAlign {Engine} {Output}
36%
TV show Veteran thinks Poopyfarts was inThe Office
31%
Song [above] starred in is a parody of -Dynamite
28%
The room where TheGentleman killed VeteranLaboratory
26%
Movie character Captain dressed as in episode 7Obi-Wan Kenobi
19%

Score Distribution

Percentile by Number Answered

Percent of People with Each Score

Your Score History

You have not taken this quiz